000 00371nam a2200145 a 4500
005 20140414131926.0
008 040128s19uu xx 00 eng d
020 _a0-8136-3950-6
050 _aER
_bM99 1995
245 _aMy family, Your family.
260 _aNew Jersey :
_bModern Curriculum Press,
_c1995.
300 _ap. ; cm.
500 _aTR/PS
999 _c112028
_d112028